007340000a22002290004500003001100000005001700011008004100028020001500069040003900084041000800123082001500131100001500146245006600161260002500227300005800252650001900310650005400329650001200383942000700395952008900402999001300491LK-CoMWRAF20230920114505.0230817t1986 ||||| |||| 00| 0 eng d a0460024698 aLK-CoMWRAFdLK-CoMWRAFeLK-CoMWRAF aeng a363.3bBER aBerki, R.N aSecurity And Society:bReflections on Law, Order And Politics aLondon:bDent,c1986 aix, 254 p. ; 23 cm.bBibliography and index included. aLAW-Philospohy aLaw enforcement -Political aspects -Great Britain aLiberty cBK 00104070aMAINbMAINd2023-08-17l0o363.3 BERpRAF601r2023-08-17w2023-08-17yBK c233d233